Analýza možností zlepšenia práce pri oprave brzdových komponentov nákladných vozňov vo firme ŽOS Trnava, a.s.

Enregistré dans:
Détails bibliographiques
Auteur principal: Balgavá, Kristína (Auteur)
Autres auteurs: Matúšová, Miriam (Directeur de thèse)
Format: Manuscrit Livre
Langue:slovaque
Publié: 2025
Sujets:
Accès en ligne:http://is.stuba.sk/zp/portal_zp.pl?podrobnosti=179429
Tags: Ajouter un tag
Pas de tags, Soyez le premier à ajouter un tag!

MARC

LEADER 00000ntm a22000003a 4500
001 stuzp103831
003 SK-STU
005 20250628210922.4
007 ta
008 150427s2015----xo-----f-mn---000-0-slo-d
040 |a STU  |b slo 
041 0 |a slo 
100 1 |a Balgavá, Kristína  |u 063000  |4 aut  |U MTF Materiálovotechnologická fakulta  |T MTF Ústav výrobných technológií  |X 123057  |U M3000  |Y 83  |7 123057 
242 0 1 |a Analysis of possibilities to improve the work in repairing brake components of freight wagons in ŽOS Trnava, a. s.  |y eng 
245 1 0 |a Analýza možností zlepšenia práce pri oprave brzdových komponentov nákladných vozňov vo firme ŽOS Trnava, a.s. 
260 |c 2025 
650 4 |a nastavovač  |2 slo 
650 4 |a oprava  |2 slo 
650 4 |a revízia  |2 slo 
650 4 |a oprava brzdových komponentov  |2 slo 
650 4 |a návrh na zmechanizovanie  |2 slo 
650 4 |a repair of brake components  |2 eng 
650 4 |a adjuster  |2 eng 
650 4 |a repair  |2 eng 
650 4 |a revision  |2 eng 
650 4 |a proposal of mechanization  |2 eng 
700 1 |a Matúšová, Miriam  |u 063800  |k Z1  |4 ths  |U MTF Ústav výrobných technológií  |T MTF Katedra výrobných zariadení a systémov  |X 4309  |U M3800  |Y 660  |7 A000004309 
856 4 |u http://is.stuba.sk/zp/portal_zp.pl?podrobnosti=179429 
996 |c M* BP9873  |l MMSKP  |s P  |a 0  |w stuzp103831_0001